Score 0/36 Timer 10:00
0 Plays Today
% Correct
Vincent Chase
99.2%
Turtle
98.6%
Ari Gold
98.3%
Johnny Drama
97.2%
Lloyd
87.8%
Sloan
78.8%
Eric Murphy
75.2%
James Cameron
73.6%
Shauna
71.4%
Billy Walsh
71.4%
Barbara Miller
69.6%
Jamie-Lynne Siegler
67%
Saigon
66.8%
Dom
63.9%
Adam Davies
63.8%
Mandy Moore
61.2%
Arnold
59.6%
Seth Green
57.2%
% Correct
Andrew Klein
56.1%
Mrs. Ari
55.8%
Tom
54.1%
Terrence
53%
Dana Gordon
43%
Marvin
37.5%
Charlie
37.2%
Ashley
36.9%
Bob Ryan
31.8%
Josh Weintenstein
28.9%
Murray Berenson
28.5%
Scott Lavin
25%
Marlo Klein
19.2%
Verner Vollstedt
15%
Alan Gray
13.6%
Brittany
5.6%
Brooke Manning
5.6%
Dan Coakley
3.9%
Remove Ads.
Support Sporcle.
Get the best of Sporcle when you Go Orange. This ad-free experience offers more features, more stats, and more fun while also helping to support Sporcle. Thank you for becoming a member.

You're not logged in!

Compare scores with friends on all Sporcle quizzes.
OR
Log In

Show Comments

Extras

Top Quizzes Today


Score Distribution

Your Account Isn't Verified!

In order to create a playlist on Sporcle, you need to verify the email address you used during registration. Go to your Sporcle Settings to finish the process.

Report this User

Report this user for behavior that violates our Community Guidelines.

Details: